Учимся программировать: Pascal 7.0: Задачи и методы их решения: учебное пособие

গ্রন্থ-পঞ্জীর বিবরন
প্রধান লেখক: Гусева А. И. Анна Ивановна
ভাষা:রুশ
প্রকাশিত: Москва, Диалог-МИФИ, 1999
সংস্করন:2-е изд., перераб. и доп.
মালা:Школа. Лицей. Вуз
বিষয়গুলি:
বিন্যাস: গ্রন্থ
KOHA link:https://koha.lib.tpu.ru/cgi-bin/koha/opac-detail.pl?biblionumber=27841

MARC

LEADER 00000nam0a2200000 4500
001 27841
005 20231030202343.0
010 |a 5864041076 
035 |a (RuTPU)RU\TPU\book\28096 
035 |a BOOK00028171 
090 |a 27841 
100 |a 20011209d1999 m y0rusy50 ca 
101 0 |a rus 
102 |a RU 
105 |a y j 000zy 
200 1 |a Учимся программировать: Pascal 7.0  |e Задачи и методы их решения: учебное пособие  |f А. И. Гусева 
205 |a 2-е изд., перераб. и доп. 
210 |a Москва  |c Диалог-МИФИ  |d 1999 
215 |a 251 с. 
225 1 |a Школа. Лицей. Вуз 
320 |a Библиогр.: с. 251. 
610 1 |a программирование 
610 1 |a языки программирования 
610 1 |a среда программирования 
610 1 |a задачи 
610 1 |a решения 
610 1 |a практические пособия 
610 1 |a учебные пособия 
610 1 |a Pascal 7.0 
610 1 |a Borland Pascal 
675 |a 681.3.06:800.92(076)  |v 3 
700 1 |a Гусева  |b А. И.  |g Анна Ивановна 
801 0 |a RU  |b 63413507  |c 20011209  |g PSBO 
801 2 |a RU  |b 63413507  |c 20051213  |g PSBO 
942 |c BK